Система стабилизации уровня границы раздела фаз экстракционной колонны; Известия Томского политехнического университета [Известия ТПУ]; Т. 305, вып. 3 : Проблемы и перспективы технологий атомной промышленности

Dades bibliogràfiques
Parent link:Известия Томского политехнического университета [Известия ТПУ]/ Томский политехнический университет (ТПУ).— , 2000-
Т. 305, вып. 3 : Проблемы и перспективы технологий атомной промышленности.— 2002.— [С. 403-407]
Autor principal: Вильнин А. Д. Александр Даниилович
Altres autors: Ливенцов С. Н. Сергей Николаевич, Лысенок А. А.
Sumari:Заглавие с титульного листа
Электронная версия печатной публикации
В работе представлена модель системы стабилизации уровня границы раздела фаз в нижней отстойной зоне пульсационного колонного экстрактора. Приведены рекомендации по настройке автоматического регулятора системы, выработанные в результате исследований с помощью разработанной модели, и результаты внедрения этих рекомендаций.
Idioma:rus
Publicat: 2002
Col·lecció:Электроника и автоматика физических установок
Matèries:
Accés en línia:http://www.lib.tpu.ru/fulltext/v/Bulletin_TPU/2002/v305/i3/70.pdf
Format: MixedMaterials Electrònic Capítol de llibre
KOHA link:https://koha.lib.tpu.ru/cgi-bin/koha/opac-detail.pl?biblionumber=164009

MARC

LEADER 00000nla2a2200000 4500
001 164009
005 20231225132504.0
035 |a (RuTPU)RU\TPU\book\177925 
035 |a RU\TPU\book\177924 
090 |a 164009 
100 |a 20090826d2002 k y0rusy50 ca 
101 0 |a rus 
102 |a RU 
135 |a drnn ---uucaa 
181 0 |a i  
182 0 |a b 
200 1 |a Система стабилизации уровня границы раздела фаз экстракционной колонны  |f А. Д. Вильнин, С. Н. Ливенцов, А. А. Лысенок 
203 |a Текст  |c электронный 
215 |a 1 файл (601 Кб) 
225 1 |a Электроника и автоматика физических установок 
300 |a Заглавие с титульного листа 
300 |a Электронная версия печатной публикации 
320 |a [Библиогр.: с. 407 (3 назв.)] 
330 |a В работе представлена модель системы стабилизации уровня границы раздела фаз в нижней отстойной зоне пульсационного колонного экстрактора. Приведены рекомендации по настройке автоматического регулятора системы, выработанные в результате исследований с помощью разработанной модели, и результаты внедрения этих рекомендаций. 
337 |a Adobe Reader 
461 1 |0 (RuTPU)RU\TPU\book\176237  |t Известия Томского политехнического университета [Известия ТПУ]  |f Томский политехнический университет (ТПУ)  |d 2000- 
463 1 |0 (RuTPU)RU\TPU\book\177520  |t Т. 305, вып. 3 : Проблемы и перспективы технологий атомной промышленности  |o тематический выпуск  |v [С. 403-407]  |d 2002  |p 415 с. 
610 1 |a экстракционные колонны 
610 1 |a автоматические регуляторы систем 
610 1 |a уровни границы раздела фаз 
610 1 |a системы стабилизации 
610 1 |a труды учёных ТПУ 
610 1 |a электронный ресурс 
610 1 |a сплошные фазы 
610 1 |a дисперсные фазы 
610 1 |a колонные экстракторы 
610 1 |a результаты исследований 
610 1 |a гетерогенные системы 
610 1 |a противоточная экстракция 
700 1 |a Вильнин  |b А. Д.  |c специалист в области инновационных технологий и инженерного консалтинга  |c инжерер-проектировщик 1 категории Томского политехнического университета  |g Александр Даниилович  |3 (RuTPU)RU\TPU\pers\26511 
701 1 |a Ливенцов  |b С. Н.  |c специалист в области автоматического управления  |c профессор Томского политехнического университета, доктор технических наук  |f 1955-  |g Сергей Николаевич  |3 (RuTPU)RU\TPU\pers\25467  |9 11406 
701 1 |a Лысенок  |b А. А. 
801 1 |a RU  |b 63413507  |c 20090623  |g PSBO 
801 2 |a RU  |b 63413507  |c 20210417  |g PSBO 
856 4 |u http://www.lib.tpu.ru/fulltext/v/Bulletin_TPU/2002/v305/i3/70.pdf 
942 |c CF